[Event "Heraklion Fischer Memorial 9th"]
[Site "Heraklion"]
[Date "2023.11.06"]
[Round "6"]
[White "Hristodoulou, Panagiotis"]
[Black "Postny, Evgeny"]
[Result "0-1"]
[WhiteElo "2370"]
[BlackElo "2577"]
[PlyCount "116"]
[EventDate "2023.11.01"]
[EventType "tourn"]
[EventRounds "9"]
[EventCountry "GRE"]
[EventCategory "6"]
[SourceTitle "CB46_2023"]
[SourceDate "2023.11.15"]
[SourceVersion "1"]
[SourceVersionDate "2023.11.15"]
[SourceQuality "1"]

1. e4 c5 2. Nf3 e6 3. b3 d6 4. d4 cxd4 5. Nxd4 Nf6 6. Bd3 Nbd7 7. 0-0 Be7 8. c4 Nc5 9. Nc3 Nxd3 10. Qxd3 0-0 11. Rd1 a6 12. f3 Qc7 13. Be3 b6 14. Rac1 Bb7 15. Na4 Nd7 16. b4 Rac8 17. Qe2 Qb8 18. Nb3 Bc6 19. Nc3 Rfd8 20. Qf2 Re8 21. Ne2 Ba8 22. Kh1 Ne5 23. c5 bxc5 24. bxc5 d5 25. exd5 Bxd5 26. Bf4 Bd8 27. Qg3 Bc7 28. Ned4 Red8 29. h3 f6 30. Qe1 Kf7 31. Qc3 Qa8 32. Qc2 Nxf3 33. Bxc7 Nxd4 34. Nxd4 Rxc7 35. Qf2 Be4 36. Nb3 Rcd7 37. Rxd7+ Rxd7 38. Kg1 Qd8 39. Qe2 Qa8 40. Re1 Bd5 41. Nd4 Re7 42. Nf5 Rc7 43. Nd6+ Kg8 44. Rb1 Rxc5 45. Rb7 Rc1+ 46. Kh2 Qf8 47. Rb6 Rc7 48. Qxa6 Rc2 49. h4 Rxg2+ 50. Kh3 Rxa2 51. Qb5 Ra3+ 52. Kh2 Rb3 53. Qc5 Rxb6 54. Qxb6 Qa8 55. Kg3 Qa3+ 56. Kf2 h5 57. Qb8+ Kh7 58. Qb1+ f5 0-1

[Event "Heraklion Fischer Memorial 9th"]
[Site "Heraklion"]
[Date "2023.11.05"]
[Round "5"]
[White "Postny, Evgeny"]
[Black "Nyback, Tomi"]
[Result "1/2-1/2"]
[WhiteElo "2577"]
[BlackElo "2566"]
[PlyCount "70"]
[EventDate "2023.11.01"]
[EventType "tourn"]
[EventRounds "9"]
[EventCountry "GRE"]
[EventCategory "6"]
[SourceTitle "CB46_2023"]
[SourceDate "2023.11.15"]
[SourceVersion "1"]
[SourceVersionDate "2023.11.15"]
[SourceQuality "1"]

1. d4 Nf6 2. c4 g6 3. Nf3 Bg7 4. e3 0-0 5. Be2 b6 6. 0-0 Bb7 7. Nc3 e6 8. b3 d5 9. Bb2 Nbd7 10. Rc1 dxc4 11. Bxc4 c5 12. Qe2 a6 13. a4 Qb8 14. Rfd1 cxd4 15. exd4 Qf4 16. d5 exd5 17. Nxd5 Nxd5 18. Bxd5 Rfe8 19. Qc4 Qxc4 20. Rxc4 Bxd5 21. Rxd5 Bxb2 22. Rxd7 Rac8 23. Rb7 Rb8 24. Rxb8 Rxb8 25. Rc6 a5 26. Kf1 Ba3 27. Ne5 b5 28. Nd3 bxa4 29. bxa4 Rb1+ 30. Ke2 Ra1 31. Ra6 Ra2+ 32. Ke3 Bb4 33. Nxb4 axb4 34. g3 b3 35. Rb6 Rxa4 1/2-1/2